Welcome to CU Library Online Public Access Catalogue (OPAC)

Management Principles and Practices / (Record no. 4972)

MARC details
000 -LEADER
fixed length control field 00468nam a22001577a 4500
005 - DATE AND TIME OF LATEST TRANSACTION
control field 20250319170639.0
008 - FIXED-LENGTH DATA ELEMENTS--GENERAL INFORMATION
fixed length control field 250319b |||||||| |||| 00| 0 eng d
020 ## - INTERNATIONAL STANDARD BOOK NUMBER
International Standard Book Number 9788122415063
050 ## - LIBRARY OF CONGRESS CALL NUMBER
Classification number HD31
100 ## - MAIN ENTRY--PERSONAL NAME
Personal name M. Sakthivel Murugan
245 ## - TITLE STATEMENT
Title Management Principles and Practices /
Statement of responsibility, etc. M. Sakthivel Murugan
250 ## - EDITION STATEMENT
Edition statement 1st ed.
260 ## - PUBLICATION, DISTRIBUTION, ETC.
Place of publication, distribution, etc. Delhi
Name of publisher, distributor, etc. New Age International P Limited
Date of publication, distribution, etc. c2004, 2006
300 ## - PHYSICAL DESCRIPTION
Extent xi, 479 pgs
Other physical details ill.
Dimensions 24cm
942 ## - ADDED ENTRY ELEMENTS (KOHA)
Source of classification or shelving scheme Library of Congress Classification
Koha item type Books
Edition 1st ed.
Suppress in OPAC No
999 ## -
-- 4972
-- 4972
Holdings
Withdrawn status Lost status Source of classification or shelving scheme Damaged status Not for loan Collection Home library Current library Shelving location Date acquired Total checkouts Full call number Barcode Date last seen Copy number Price effective from Koha item type
    Library of Congress Classification     Non-fiction Business Library (Miotso) Business Library (Miotso) Reference 03/19/2025   HD31 MUR bssm00001486 03/19/2025 1 03/19/2025 Books
© 2023-2024 Copyright: Central University Libraries. All Rights Reserved | Created by: Mahone Tech Office